Historia del periodismo peruano (Registro nro. 241)

Detalles MARC
000 -Cabecera
Campo de control interno 00552nam a2200193Ia 4500
005 - Fecha y hora del registro
control field 20251205092502.0
008 - Elementos de Longitud Fija
fixed length control field 251203t1957||||xx |||||||||||||| ||spa||
041 ## - Idioma
Codigo Idioma ESP
082 ## - DEWEY y NOTACIÓN INTERNA
Dewey 70.40985
Notación Interna M64
100 ## - AUTOR
Autor denominación Miró Quesada Laos, Carlos,
Títulos y otras palabras asociadas con el nombre AUT
245 #0 - TÍTULO DE MATERIAL BIBLIOGRÁFICO
Título Historia del periodismo peruano
260 ## - CIUDAD, EDITORIAL, AÑO
Ciudad Lima :
Nombre de la Editorial Talleres Gráficos P. L. Villanueva,
Año 1957
300 ## - DESCRIPCIÓN
N° Páginas 320 páginas :
Otros detalles láminas, ilustraciones ;
Dimensiones 21 cm.
650 ## - TEMAS
Temas Generalidades
653 ## - DESCRIPTORES
Lenguajes no controlado Periodismo peruano - Historia
654 ## - PROGRAMAS
Programa Todos los programas
942 ## - ELEMENTOS DE KOHA
Tipo de documento Libro
Nombre del creador Justo Noguera
Código de catalogador Margarita Torres
Esquema de clasificación Dewey Decimal Classification
Existencias
Codigo completo Registro Colección Copia número Disponibilidad Tipo de préstamo Biblioteca Actual Procedencia (Biblioteca) Ubicacón Fecha Ingreso Tipo de Adquisición Date last seen Total checkouts Price effective from Tipo de Item Estado del Material Fuente de Clasificación Damaged status Withdrawn status
070.40985 M64 1085114 Colección Vera Bejar 1   Restringido Víctor Andrés Belaunde Víctor Andrés Belaunde Planta baja cerrada 03/12/2025 Donación 03/12/2025   03/12/2025 Libro Bueno Dewey Decimal Classification   Withdrawn